01640nam a22002177a 4500003000400000008004100004020001800045100002700063245004000090250002200130260004400152300001200196500062300208650003900831700002000870942001200890999001500902952016900917952016801086952016801254OSt200707b ||||| |||| 00| 0 eng d a9798186270744 aSiddiqui, Anees Ahmad  aInorganic Pharmaceutical Chemistry  a1st edition (2013 aNew DelhibBirla Publications Pvt. Ltd. aPg. 264 aThe present book is written to fulfil the requirements of undergraduate students of pharmacy course. The general format of presentation of each chapter includes introduction and experimental procedures. Chemical reactions are mentioned to make the subject simple and understandable. A separate chapter for the preparation of reagents and solution is given. The methods of recording experiments of volumetric analysis and quantitative organic analysis are presented in the Appendix I and Appendix II, respectively. It is hoped that the book will satisfy all the requirements of students concerning chemistry practicals. aPharmaceutical Inorganic Chemistry aWani, Sachine.M 2ddccBK c8717d8717 00102ddc40708BPaPIETbPIETd2020-02-01eKirti PrakashanfIN Rupeesg350.00kIN6239l3o546 SIIpBP746r2023-03-02 00:00:00s2023-02-15v234.50w2020-02-01yREF 00102ddc40708BPaPIETbPIETd2020-02-01eKirti PrakashanfIN Rupeesg350.00kIN6239l1o546 SIIpBP747r2022-06-01 00:00:00s2022-05-18v234.50w2020-02-01yBK 00102ddc40708BPaPIETbPIETd2020-02-01eKirti PrakashanfIN Rupeesg350.00kIN6239l7o546 SIIpBP748r2023-03-28 00:00:00s2023-03-14v234.50w2020-02-01yBK